Efecto de la fertilización foliar nitrogenada complementaria sobre calidad industrial y rendimiento de cultivares de trigo pan /

Guardado en:
Autor Principal: Elcano, Leonardo Martín.
Autor Corporativo: Universidad Nacional del Sur. Departamento de Agronomía.
Otros Autores: Miranda, Rubén, (tutor.)
Formato: Libro
Idioma:Spanish
Publicado: Bahía Blanca, 2006.
Etiquetas: Agregar Etiqueta
Sin Etiquetas, Sea el primero en etiquetar este registro!
LEADER 00768nam a22001695a 4500
001 EEA.libagro007677
005 20180420120114.0
008 130809s2006####ag#a##########000#0#spa#d
082 0 4 |a 633.118 
100 1 |a Elcano, Leonardo Martín. 
245 1 0 |a Efecto de la fertilización foliar nitrogenada complementaria sobre calidad industrial y rendimiento de cultivares de trigo pan /  |c Leonardo Martín Elcano. 
260 |a Bahía Blanca,  |c 2006. 
300 |a 26 h. :  |b il. ;  |c 30 cm. 
500 |a Trabajo de intensificación (Ingeniero Agrónomo) -- Universidad Nacional del Sur. Departamento de Agronomía, 2006. 
700 1 |a Miranda, Rubén,  |e tutor. 
710 2 |a Universidad Nacional del Sur.  |b Departamento de Agronomía. 
859 |a AR-BbBCA  |b BIB. AGRONOMIA  |h 633.118  |i E37  |p 2006/5066